[Event "Kaluga Tsiolkovsky Memorial op"]
[Site "Kaluga"]
[Date "2016.08.11"]
[Round "6"]
[White "Odegov, Ivan"]
[Black "Sergeev, Yury I"]
[Result "0-1"]
[WhiteElo "1885"]
[BlackElo "2035"]
[PlyCount "152"]
[EventDate "2016.08.06"]
[EventType "swiss"]
[EventRounds "9"]
[EventCountry "RUS"]
[SourceTitle "CBM 174 Extra"]
[Source "ChessBase"]
[SourceDate "2016.10.10"]
[SourceVersion "1"]
[SourceVersionDate "2016.10.10"]
[SourceQuality "1"]

1. e4 c5 2. g3 Nc6 3. Bg2 g6 4. Ne2 Bg7 5. 0-0 e6 6. c3 Nge7 7. d3 d5 8. Nd2 0-0 9. f4 b5 10. a4 b4 11. Nb3 bxc3 12. bxc3 c4 13. dxc4 dxc4 14. Nbd4 e5 15. Nxc6 Nxc6 16. Ba3 Qb6+ 17. Kh1 Rd8 18. Qc1 Bg4 19. Bf3 Bxf3+ 20. Rxf3 Rd3 21. Qf1 Rad8 22. Kg2 Rxf3 23. Qxf3 Rd3 24. Qf2 Qe3 25. Qxe3 Rxe3 26. Kf2 Rxe4 27. Kf3 f5 28. Rd1 exf4 29. gxf4 Re8 30. Rd6 Rc8 31. Rd7 Bf6 32. Bc1 Bd8 33. Be3 Rc7 34. Rxc7 Bxc7 35. Nd4 Nxd4+ 36. Bxd4 a6 37. h3 Kf7 38. Ke3 Ke6 39. Kf3 Kd5 40. Ke3 Bd6 41. Kf3 Bc5 42. Bxc5 Kxc5 43. Ke3 Kd5 44. Kf3 h6 45. h4 Kd6 46. Ke2 Kc6 47. Ke3 Kc5 48. Kf3 Kb6 49. Ke3 Ka5 50. Kd4 Kxa4 51. Kxc4 a5 52. Kd5 Kb3 53. c4 a4 54. c5 a3 55. c6 a2 56. c7 a1Q 57. c8Q Qh1+ 58. Ke5 Qe4+ 59. Kf6 Qxf4 60. Kxg6 Qg4+ 61. Kxh6 Qxh4+ 62. Kg6 f4 63. Qe6+ Kc3 64. Qc6+ Kd4 65. Qa4+ Ke3 66. Qb3+ Kf2 67. Qc2+ Kg3 68. Qc7 Kh3 69. Qb7 Qg3+ 70. Kf5 Qg4+ 71. Kf6 f3 72. Qb5 Qf4+ 73. Ke7 Qe4+ 74. Kf6 f2 75. Qf1+ Kg3 76. Kf7 Qg2 0-1

[Event "Kaluga Tsiolkovsky Memorial op"]
[Site "Kaluga"]
[Date "2016.08.10"]
[Round "5"]
[White "Perelygin, Mikhail"]
[Black "Odegov, Ivan"]
[Result "1-0"]
[WhiteElo "2076"]
[BlackElo "1885"]
[PlyCount "33"]
[EventDate "2016.08.06"]
[EventType "swiss"]
[EventRounds "9"]
[EventCountry "RUS"]
[SourceTitle "CBM 174 Extra"]
[Source "ChessBase"]
[SourceDate "2016.10.10"]
[SourceVersion "1"]
[SourceVersionDate "2016.10.10"]
[SourceQuality "1"]

1. d4 Nf6 2. Nf3 e6 3. g3 d5 4. Bg2 b6 5. c4 c6 6. Ne5 Nfd7 7. 0-0 Nxe5 8. dxe5 Qc7 9. cxd5 cxd5 10. e4 dxe4 11. Nc3 Bb7 12. Bf4 Na6 13. Qa4+ Qc6 14. Nb5 Bc5 15. Bxe4 Qd7 16. Nd6+ Bxd6 17. Qxd7+ 1-0

[Event "Kaluga Tsiolkovsky Memorial op"]
[Site "Kaluga"]
[Date "2016.08.08"]
[Round "3"]
[White "Mokin, Maxim"]
[Black "Odegov, Ivan"]
[Result "0-1"]
[WhiteElo "1296"]
[BlackElo "1885"]
[PlyCount "112"]
[EventDate "2016.08.06"]
[EventType "swiss"]
[EventRounds "9"]
[EventCountry "RUS"]
[SourceTitle "CBM 174 Extra"]
[Source "ChessBase"]
[SourceDate "2016.10.10"]
[SourceVersion "1"]
[SourceVersionDate "2016.10.10"]
[SourceQuality "1"]

1. e4 c5 2. Nf3 d6 3. d4 cxd4 4. Nxd4 Nf6 5. Nc3 a6 6. f3 e6 7. g4 h6 8. h4 Qa5 9. Nb3 Qb6 10. Qd3 Bd7 11. Be3 Qc7 12. 0-0-0 b5 13. a3 Nc6 14. Nd4 Ne5 15. Qd2 Nc4 16. Bxc4 bxc4 17. g5 Nh5 18. gxh6 g6 19. Nde2 Rb8 20. Na2 a5 21. c3 Ba4 22. Rdg1 e5 23. Bg5 Qb7 24. Kb1 Rxh6 25. Ng3 Nxg3 26. Rxg3 Rh7 27. Rg2 Bc6 28. Qe3 Bg7 29. Qf2 d5 30. exd5 Bxd5 31. Rh3 Be6 32. Rh1 Qb3 33. Qa7 Qb7 34. Qxb7 Rxb7 35. Rd1 f6 36. Be3 Bf5+ 37. Ka1 Rxh4 38. Rgd2 Rd7 39. Rxd7 Bxd7 40. Rg1 g5 41. Nc1 Bc6 42. Rg3 Rh1 43. Ka2 Rf1 44. Bb6 Rxc1 45. Bxa5 Ba4 46. b3 cxb3+ 47. Kb2 Rc2+ 48. Kb1 Bf8 49. Bb4 Bxb4 50. cxb4 Ra2 51. b5 Bxb5 52. f4 exf4 53. Rxb3 Bc4 54. Rb8+ Kf7 55. Rb4 Be6 56. Rd4 Rxa3 0-1